000 00520nam a2200193Ia 4500
005 20250326142030.0
008 250326s9999 xx 000 0 und d
020 _a0-86003-542-5
037 _aTextbook
040 _aFMSL
_beng
_cFMSL
041 _aeng
_2eng
084 _aX:8D.1 M7;1
_qFMSL
100 _aBuckley A
_9735799
245 0 _aMultinational fice
_cBuckley A
260 _aNew Delhi
_bNew Delhi, Heritage
_c1987
300 _ax,398
942 _cTB
_hX:8D.1 M7;1
999 _c1293125
_d1293125